Statistics for Every "Partly Free" Country

Click here to take the quiz!

General Stats

  • This quiz has been taken 97 times
    (49 since last reset)
  • The average score is 41 of 56

Answer Stats

ScoreCountry% Correct
37Pakistan
90%
51Guatemala
86%
47Honduras
86%
66India
86%
59Indonesia
86%
64Colombia
83%
68Dominican Republic
83%
56Kosovo
83%
50Malaysia
83%
60Mexico
83%
61Ukraine
83%
55Armenia
79%
39Bangladesh
79%
53Bosnia and Herzegovina
79%
67North Macedonia
79%
55Philippines
79%
62Serbia
79%
55Sri Lanka
79%
34Tanzania
79%
61Bhutan
76%
59El Salvador
76%
58Georgia
76%
48Kenya
76%
67Montenegro
76%
57Nepal
76%
51Niger
76%
65Paraguay
76%
64Tunisia
76%
67Albania
72%
66Bolivia
72%
49Ivory Coast
72%
60Liberia
72%
35Mauritania
72%
62Moldova
72%
37Morocco
72%
43Nigeria
72%
42Togo
72%
59Benin
69%
58Fiji
69%
63Lesotho
69%
68Senegal
69%
65Sierra Leone
69%
51Zambia
69%
43Guinea Bissau
66%
42Lebanon
66%
42Comoros
62%
69Hungary
62%
66Malawi
62%
47Singapore
62%
47The Gambia
62%
53Burkina Faso
59%
43Mozambique
59%
62Papua New Guinea
59%
61Madagascar
55%
40Maldives
52%
37Kuwait
48%

Score Distribution

Percentile by Number Answered

Percent of People with Each Score

Your Score History

You have not taken this quiz since the last reset